| 000 | 01636nam0a2200313 4500 | ||
|---|---|---|---|
| 001 | RU\NLR\BIBL_A\022703503 | ||
| 005 | 20260323150021.0 | ||
| 010 |
_a978-5-91281-142-5 _9500 |
||
| 021 |
_aRU _bКН-П-25-072508 _9КН-П-25-7027 |
||
| 035 | _a(NLR Aleph) 022703503 | ||
| 090 |
_a13643490 _c13643490 |
||
| 100 | _a20260119d2025 u y0rusy50 ca | ||
| 101 | 0 | _arus | |
| 102 | _aRU | ||
| 105 | _aa z 000gy | ||
| 181 | 0 |
_ai _baxxe |
|
| 182 | 0 | _an | |
| 200 | 1 |
_aПрозрение _eстихи _fБорис Орлов |
|
| 203 |
_aТекст _bвизуальный _cнепосредственный |
||
| 210 |
_aСанкт-Петербург _cСанкт-Петербургское отделение Общероссийской общественной организации "Союз писателей России" _d2025 |
||
| 215 |
_a174, [1] с. _cил. _d17 |
||
| 327 | 1 | _aСодерж.: циклы: Рожден под созведием "Рыбы", Когда ломается эпоха, трещат и судьбы и хребты, Становлюсь свиделем сегодня тех минут, когда рождался мирЯ, Мне снятся золотые закрома под стражей одряхлевших колоколен, И годы идут, как солдаты, в "последний решительный бой" | |
| 686 | 2 | _aШ6(2=Р)75-5 | |
| 700 | 1 |
_aОрлов _bБ. А. _cпоэт _f1955- _gБорис Александрович _3RU\NLR\AUTH\7743879 |
|
| 942 | _cBOOK | ||
| 980 | _aNB | ||